[Event "I Torneo Internazionale A"]
[Site "Bergamo ITA"]
[Date "2009.03.14"]
[Round "2"]
[White "Astengo, Marcello"]
[Black "Brunello, Sabino"]
[Result "0-1"]
[WhiteElo "2123"]
[BlackElo "2460"]
[PlyCount "70"]
[EventDate "2009.03.13"]

1. d4 Nf6 2. c4 e6 3. Nc3 Bb4 4. e3 c5 5. Bd3 Nc6 6. Nge2 d6 7. O-O O-O 8. Qc2
Bd7 9. b3 Rc8 10. Bb2 cxd4 11. exd4 d5 12. a3 dxc4 13. bxc4 Be7 14. Qb3 Qc7 15.
Qa2 Na5 16. Nb5 Qb8 17. Rac1 Rfd8 18. Bc3 Nc6 19. Bd2 Be8 20. Rfe1 b6 21. d5
Ne5 22. Bf4 Bxb5 23. cxb5 Nxd5 24. Bg3 Bd6 25. Be4 Nf6 26. Bb1 Ng6 27. Rxc8
Qxc8 28. Rc1 Bc5 29. Qb2 Qb7 30. Nc3 Qe7 31. Qc2 Bxa3 32. Rd1 Rxd1+ 33. Nxd1
Bc5 34. Ne3 Qd7 35. Qb3 Nh5 0-1

[Event "I Torneo Internazionale A"]
[Site "Bergamo ITA"]
[Date "2009.03.14"]
[Round "2"]
[White "Bellavita, Guido"]
[Black "Cazzaniga, Walter"]
[Result "1/2-1/2"]
[WhiteElo "2060"]
[BlackElo "2192"]
[PlyCount "69"]
[EventDate "2009.03.13"]

1. g3 Nf6 2. Bg2 d5 3. d4 g6 4. c4 dxc4 5. Qa4+ c6 6. Qxc4 Bg7 7. Nc3 O-O 8.
Nf3 Na6 9. e4 Qa5 10. O-O Be6 11. Qe2 Rad8 12. Rd1 Qh5 13. Ne5 Qxe2 14. Nxe2
Nxe4 15. Nxc6 bxc6 16. Bxe4 Bc4 17. Bf3 Nb4 18. Be3 Nc2 19. Rac1 Nxe3 20. fxe3
Bxa2 21. Bxc6 Rb8 22. Rd2 Rb6 23. b4 Bb3 24. b5 a6 25. Rb2 Be6 26. Nf4 Bh6 27.
d5 Bf5 28. Kf2 Bxf4 29. gxf4 Rfb8 30. Kf3 Bd3 31. e4 axb5 32. Ke3 Bc4 33. Kd4
Kg7 34. Kc5 Bd3 35. Kd4 1/2-1/2

[Event "I Torneo Internazionale A"]
[Site "Bergamo ITA"]
[Date "2009.03.14"]
[Round "2"]
[White "Bozzali, Ermanno"]
[Black "Pulito, Alberto"]
[Result "1/2-1/2"]
[WhiteElo "2140"]
[BlackElo "2251"]
[PlyCount "55"]
[EventDate "2009.03.13"]

1. e4 e6 2. d4 d5 3. Nc3 Bb4 4. e5 c5 5. Bd2 Bxc3 6. bxc3 Ne7 7. Nf3 Nbc6 8.
Bd3 c4 9. Be2 Qa5 10. O-O Bd7 11. Rb1 O-O-O 12. Ng5 Rdf8 13. Bh5 Nd8 14. Nh3 h6
15. f4 f6 16. exf6 gxf6 17. Qe1 Ndc6 18. Rb2 Rhg8 19. Nf2 Nf5 20. Ng4 Nce7 21.
Ne3 Nd6 22. Bf3 Nef5 23. Nxf5 Nxf5 24. Kh1 Qa3 25. Bc1 Qa5 26. Bd2 Qa3 27. Bc1
Qa5 28. Bd2 1/2-1/2

[Event "I Torneo Internazionale A"]
[Site "Bergamo ITA"]
[Date "2009.03.14"]
[Round "2"]
[White "Calavalle, Giulio"]
[Black "Valsecchi, Alessio"]
[Result "0-1"]
[WhiteElo "2267"]
[BlackElo "2363"]
[PlyCount "112"]
[EventDate "2009.03.13"]

1. e4 Nc6 2. Nc3 e6 3. f4 d5 4. e5 f6 5. Nf3 Nh6 6. Bb5 a6 7. Bxc6+ bxc6 8. Ne2
c5 9. Ng3 Be7 10. b3 O-O 11. Bb2 f5 12. d3 Rb8 13. Nd2 Ng4 14. Ngf1 g5 15. h3
gxf4 16. hxg4 Bh4+ 17. Ke2 fxg4 18. Nh2 h5 19. Nhf3 gxf3+ 20. Nxf3 Be7 21. Rxh5
Kf7 22. Rh7+ Ke8 23. Ba3 d4 24. Qh1 Qd5 25. Rh8 Bb7 26. Rxf8+ Bxf8 27. Qh7 Qd7
28. Rh1 Bxf3+ 29. Kxf3 Rb5 30. Qxd7+ Kxd7 31. Bc1 Ra5 32. a4 c4 33. dxc4 Rxe5
34. Bxf4 Rf5 35. Rh7+ Be7 36. g4 Rf8 37. Ke4 Rg8 38. Bxc7 Kxc7 39. Rxe7+ Kd6
40. Ra7 Rxg4+ 41. Kf3 Rh4 42. Rxa6+ Ke5 43. Ra5+ Kf6 44. b4 e5 45. b5 e4+ 46.
Kg3 Rh5 47. b6 Rxa5 48. b7 Rg5+ 49. Kf4 Rg8 50. a5 Re8 51. a6 e3 52. a7 e2 53.
b8=Q e1=Q 54. a8=Q Qh4+ 55. Kf3 Re3+ 56. Kg2 Re2+ 0-1

[Event "I Torneo Internazionale A"]
[Site "Bergamo ITA"]
[Date "2009.03.14"]
[Round "2"]
[White "Corvi, Marco"]
[Black "Simutowe, Amon"]
[Result "1/2-1/2"]
[WhiteElo "2319"]
[BlackElo "2485"]
[PlyCount "74"]
[EventDate "2009.03.13"]

1. c4 e6 2. Nf3 d5 3. g3 Nf6 4. Bg2 Be7 5. O-O O-O 6. d4 b6 7. cxd5 exd5 8. Nc3
Bb7 9. Bg5 Nbd7 10. Rc1 Re8 11. Ne5 h6 12. Bf4 c5 13. Nxd7 Qxd7 14. dxc5 Bxc5
15. Na4 Rac8 16. Nxc5 bxc5 17. Rc3 d4 18. Bxb7 Qxb7 19. Rc2 Nd5 20. Qc1 Nxf4
21. Qxf4 Qa6 22. Qf5 c4 23. Qg4 d3 24. exd3 cxd3 25. Rxc8 Rxc8 26. Qd7 Rc2 27.
Qe8+ Kh7 28. Qxf7 d2 29. Qf5+ Qg6 30. Qd5 Qg4 31. Qd3+ Qg6 32. Qd5 Rxb2 33. Rd1
Qb1 34. Rxb1 Rxb1+ 35. Kg2 d1=Q 36. Qe4+ Kg8 37. Qe8+ Kh7 1/2-1/2

[Event "I Torneo Internazionale A"]
[Site "Bergamo ITA"]
[Date "2009.03.14"]
[Round "2"]
[White "Di Pietro, Davide"]
[Black "Stips, Felix"]
[Result "0-1"]
[WhiteElo "2074"]
[BlackElo "2152"]
[PlyCount "114"]
[EventDate "2009.03.13"]

1. d4 Nf6 2. Nf3 e6 3. Bg5 c5 4. e3 h6 5. Bh4 Qb6 6. Bxf6 Qxb2 7. Nbd2 gxf6 8.
Be2 Nc6 9. O-O Qb6 10. Ne4 Be7 11. dxc5 Qc7 12. Nd6+ Kf8 13. e4 b6 14. Nb5 Qf4
15. cxb6 axb6 16. c4 Qxe4 17. Re1 Rg8 18. g3 Bc5 19. Nd6 Qf4 20. Nxc8 Rxc8 21.
Qxd7 Rc7 22. Qd2 Qxd2 23. Nxd2 Nd4 24. Bd1 f5 25. Rb1 Ke7 26. Nb3 Bb4 27. Re3
Rxc4 28. Nxd4 Rxd4 29. Bb3 Bc5 30. Rf3 h5 31. Kg2 h4 32. Rd1 Re4 33. Rd2 Kf6
34. Rd7 Re1 35. Rd1 Re2 36. Rf1 e5 37. Bc4 Rd2 38. Bd3 Rg5 39. Bb1 Ke6 40. Rd3
Rb2 41. Rb3 Re2 42. Bd3 Rd2 43. Bc4+ Kf6 44. Rd3 Rc2 45. Bb3 Rb2 46. Rd7 Rg7
47. Kh3 Bxf2 48. Rfd1 hxg3 49. R1d6+ Kg5 50. Rxf7 Rxf7 51. Bxf7 gxh2 52. Rg6+
Kf4 53. Kxh2 Bg3+ 54. Kg1 Kf3 55. Bd5+ e4 56. Bc4 Rb1+ 57. Bf1 Bf2+ 0-1

[Event "I Torneo Internazionale A"]
[Site "Bergamo ITA"]
[Date "2009.03.14"]
[Round "2"]
[White "Djuric, Stefan"]
[Black "Vuelban, Virgilio"]
[Result "0-1"]
[WhiteElo "2461"]
[BlackElo "2411"]
[PlyCount "35"]
[EventDate "2009.03.13"]

1. d4 Nf6 2. c4 g6 3. Nc3 Bg7 4. e4 d6 5. Nf3 O-O 6. Be2 e5 7. d5 Na6 8. Nd2 c5
9. Nf1 Nc7 10. Bg5 h6 11. Bd2 Bd7 12. Qc2 Rb8 13. Ne3 a6 14. a4 b6 15. O-O Be8
16. a5 b5 17. b3 b4 18. Ncd1 0-1

[Event "I Torneo Internazionale A"]
[Site "Bergamo ITA"]
[Date "2009.03.14"]
[Round "2"]
[White "Iglesias Leon, Francisco Javier"]
[Black "Reduzzi, Maurizio"]
[Result "1/2-1/2"]
[WhiteElo "2244"]
[BlackElo "2079"]
[PlyCount "60"]
[EventDate "2009.03.13"]

1. b3 e5 2. Bb2 d6 3. d4 exd4 4. Qxd4 Nc6 5. Qe3+ Qe7 6. Qxe7+ Ngxe7 7. Nc3 Be6
8. Nf3 h6 9. g3 Rg8 10. Bg2 g6 11. Ne4 Bg7 12. Nf6+ Bxf6 13. Bxf6 Nd5 14. Bb2
Ndb4 15. Kd2 O-O-O 16. c3 Nd5 17. Nd4 Nxd4 18. cxd4 f5 19. e3 g5 20. f3 f4 21.
e4 Ne3 22. Bf1 d5 23. e5 Nf5 24. Bd3 h5 25. Bxf5 Bxf5 26. gxf4 g4 27. Rhg1 gxf3
28. Rg5 Rxg5 29. fxg5 Rg8 30. Rg1 Kd7 1/2-1/2

[Event "I Torneo Internazionale A"]
[Site "Bergamo ITA"]
[Date "2009.03.14"]
[Round "2"]
[White "Korneev, Oleg"]
[Black "Cabrera Pino, Alexis"]
[Result "1-0"]
[WhiteElo "2613"]
[BlackElo "2507"]
[PlyCount "121"]
[EventDate "2009.03.13"]

1. e4 c5 2. Nf3 Nc6 3. d4 cxd4 4. Nxd4 g6 5. c4 Nf6 6. Nc3 Nxd4 7. Qxd4 d6 8.
Bg5 Bg7 9. Qd2 O-O 10. Bd3 a5 11. O-O a4 12. Rab1 Be6 13. b4 axb3 14. axb3 Qb6
15. Rfe1 Rfe8 16. Nb5 Bd7 17. Be3 Qd8 18. h3 Bxb5 19. cxb5 d5 20. e5 Ne4 21.
Qb4 Bxe5 22. Bxe4 Bd6 23. Qd4 dxe4 24. Red1 Qb8 25. Qxe4 Qc8 26. b6 Rb8 27.
Rbc1 Qf5 28. Qxf5 gxf5 29. Bc5 Bxc5 30. Rxc5 Red8 31. Rxd8+ Rxd8 32. Rc7 e5 33.
Rxb7 Rd1+ 34. Kh2 Rb1 35. Re7 Rxb3 36. Rxe5 Rxb6 37. Rxf5 h6 38. Rf4 Kg7 39.
Rg4+ Kf6 40. Kg3 Rb5 41. Kh4 Ra5 42. g3 Rb5 43. Rg8 Ra5 44. g4 Ra3 45. f4 Rf3
46. f5 Ra3 47. Rb8 Rc3 48. Rb1 Ra3 49. Rg1 Rf3 50. Rg3 Rf1 51. Ra3 Kg7 52. Kh5
Rf2 53. Ra6 Rf3 54. h4 Rf4 55. Rxh6 Rb4 56. Ra6 Rb7 57. g5 Rc7 58. f6+ Kh7 59.
Ra8 Rb7 60. Rf8 Rb4 61. Rxf7+ 1-0

[Event "I Torneo Internazionale A"]
[Site "Bergamo ITA"]
[Date "2009.03.14"]
[Round "2"]
[White "Logar, Metod"]
[Black "Ranfagni, Stefano"]
[Result "0-1"]
[WhiteElo "2081"]
[BlackElo "2041"]
[PlyCount "85"]
[EventDate "2009.03.13"]

1. e4 e5 2. Nf3 Nf6 3. Nxe5 d6 4. Nf3 Nxe4 5. d4 d5 6. Bd3 Bd6 7. c4 c6 8. Nc3
Nxc3 9. bxc3 Qe7+ 10. Qe2 Qxe2+ 11. Bxe2 O-O 12. O-O Re8 13. Re1 Bg4 14. Bd2
Nd7 15. Rab1 b6 16. Bd3 dxc4 17. Bxc4 b5 18. Bd3 Be6 19. Rb2 h6 20. Be4 Rac8
21. Bxc6 Rxc6 22. d5 Rb6 23. Nd4 Bc5 24. dxe6 fxe6 25. Reb1 a6 26. Kf1 e5 27.
Nb3 Ba3 28. Rc2 Rc6 29. Be1 Nb6 30. Nd2 e4 31. Rb3 Bc5 32. Rb1 e3 33. Nb3 exf2
34. Bxf2 Bxf2 35. Kxf2 Nc4 36. Re2 Ne5 37. Nd4 Rxc3 38. h3 Nd3+ 39. Kf1 Rxe2
40. Nxe2 Rc2 41. Rb3 Nc1 42. Nxc1 Rxc1+ 43. Kf2 0-1

[Event "I Torneo Internazionale A"]
[Site "Bergamo ITA"]
[Date "2009.03.14"]
[Round "2"]
[White "Madiai, Federico"]
[Black "De Palma, Fabrizio"]
[Result "0-1"]
[WhiteElo "2091"]
[BlackElo "2017"]
[PlyCount "66"]
[EventDate "2009.03.13"]

1. Nf3 d5 2. d4 Nf6 3. c4 c6 4. Nc3 dxc4 5. a4 c5 6. e3 e6 7. Bxc4 Nc6 8. O-O
cxd4 9. exd4 Be7 10. Bf4 Nb4 11. Qe2 O-O 12. Rfd1 Nbd5 13. Bg3 Qa5 14. Nxd5
Nxd5 15. Ne5 Nb6 16. Bd3 g6 17. h4 Nd7 18. Nc4 Qh5 19. Qxh5 gxh5 20. Be2 Nf6
21. Bf3 Nd5 22. Ne3 Rd8 23. Bxh5 b6 24. Nxd5 exd5 25. Rac1 Be6 26. Rc7 Bf6 27.
Be5 Bxh4 28. g3 Bg5 29. f4 Bh6 30. f5 Bd7 31. Bf6 Bxa4 32. Ra1 Rd7 33. Rc3 Bb5
0-1

[Event "I Torneo Internazionale A"]
[Site "Bergamo ITA"]
[Date "2009.03.14"]
[Round "2"]
[White "Manca, Federico"]
[Black "Molina, Fabrizio"]
[Result "0-1"]
[WhiteElo "2373"]
[BlackElo "2305"]
[PlyCount "69"]
[EventDate "2009.03.13"]

1. e4 e6 2. d4 d5 3. Nc3 Bb4 4. e5 c5 5. a3 Bxc3+ 6. bxc3 Ne7 7. Nf3 Qa5 8. Bd2
Nbc6 9. a4 Bd7 10. Bd3 c4 11. Be2 f6 12. O-O fxe5 13. Nxe5 Nxe5 14. dxe5 O-O
15. f4 Bxa4 16. Kh1 b5 17. Bg4 Qb6 18. Bc1 a5 19. Ba3 b4 20. Rb1 Qe3 21. Bxe6+
Kh8 22. Bc1 Qxc3 23. Rb2 b3 24. Rf3 Qb4 25. c3 Qb6 26. f5 Be8 27. Bg5 Bh5 28.
Bxe7 Bxf3 29. gxf3 a4 30. Rg2 b2 31. Qb1 a3 32. Bxf8 Rxf8 33. Rg1 Qb3 34. f6 g6
35. Qe1 0-1

[Event "I Torneo Internazionale A"]
[Site "Bergamo ITA"]
[Date "2009.03.14"]
[Round "2"]
[White "Massironi, Marco"]
[Black "Chierici, Marianna"]
[Result "1-0"]
[WhiteElo "2182"]
[BlackElo "2006"]
[PlyCount "51"]
[EventDate "2009.03.13"]

1. e4 c5 2. Nf3 Nc6 3. d4 cxd4 4. Nxd4 e5 5. Nb5 d6 6. N1c3 a6 7. Na3 Be6 8.
Nc4 Be7 9. Nd5 b5 10. Nce3 Nf6 11. Bd3 Bxd5 12. Nxd5 Nxd5 13. exd5 Na5 14. Qg4
O-O 15. a4 Nb7 16. axb5 Nc5 17. bxa6 Qb6 18. Qe2 e4 19. Bc4 Bf6 20. O-O Bxb2
21. Rb1 Na4 22. Bxb2 Nxb2 23. Bb3 Qd4 24. c3 Qxc3 25. Qxb2 Qd3 26. Qc2 1-0

[Event "I Torneo Internazionale A"]
[Site "Bergamo ITA"]
[Date "2009.03.14"]
[Round "2"]
[White "Mazi, Leon"]
[Black "Genocchio, Daniele"]
[Result "0-1"]
[WhiteElo "2377"]
[BlackElo "2440"]
[PlyCount "114"]
[EventDate "2009.03.13"]

1. e4 e6 2. d4 d5 3. exd5 exd5 4. Bd3 c5 5. dxc5 Bxc5 6. Nf3 Nf6 7. O-O O-O 8.
Nbd2 Bb6 9. h3 Nc6 10. c3 Qc7 11. Kh1 Bd7 12. Nb3 Ne4 13. Nbd4 Rfe8 14. Bd2 Ne5
15. Be1 Ng6 16. Rc1 Nf4 17. Bb1 Qd6 18. Bd2 Nxg2 19. Kxg2 Qg6+ 20. Ng5 h6 21.
f3 hxg5 22. fxe4 dxe4 23. Qe2 Bc7 24. Rce1 Bxh3+ 25. Kg1 Bxf1 26. Rxf1 Bf4 27.
Bc2 Rad8 28. Bb3 Rd6 29. Qg2 Rf6 30. Re1 Bxd2 31. Qxd2 e3 32. Qg2 Re7 33. Bc2
Qh5 34. Nf5 Re5 35. Qxb7 Qg4+ 36. Qg2 Qxg2+ 37. Kxg2 Rfxf5 38. Bxf5 Rxf5 39.
Rxe3 Rd5 40. Re8+ Kh7 41. Kf3 f5 42. c4 Rd3+ 43. Re3 g4+ 44. Ke2 Rxe3+ 45. Kxe3
Kg6 46. b4 Kf6 47. c5 Ke5 48. c6 f4+ 49. Kf2 Kd6 50. b5 a6 51. a4 axb5 52. axb5
g3+ 53. Kg2 g5 54. Kf3 Kc7 55. Kg2 g4 56. Kf1 f3 57. Kg1 g2 0-1

[Event "I Torneo Internazionale A"]
[Site "Bergamo ITA"]
[Date "2009.03.14"]
[Round "2"]
[White "Mrdja, Milan"]
[Black "Gerola, Fausto"]
[Result "1-0"]
[WhiteElo "2386"]
[BlackElo "2206"]
[PlyCount "225"]
[EventDate "2009.03.13"]

1. e4 e5 2. Nf3 Nc6 3. Bb5 a6 4. Ba4 Nf6 5. O-O d6 6. c3 b5 7. Bc2 Be7 8. a4 b4
9. Re1 O-O 10. d3 Bg4 11. Nbd2 a5 12. h3 Bc8 13. Nc4 Nd7 14. Ne3 Nb6 15. Bb3
Be6 16. Nd5 Rb8 17. Be3 Qd7 18. Rc1 Rfc8 19. Bxb6 cxb6 20. Bc4 bxc3 21. bxc3
Bxd5 22. Bxd5 Nd8 23. Bc4 Ne6 24. Bb5 Qc7 25. h4 h6 26. g3 Kh8 27. Kg2 Rf8 28.
Bc4 Nc5 29. Bd5 f5 30. Ng5 fxe4 31. Nxe4 Nxe4 32. Bxe4 Rf6 33. c4 Rbf8 34. f3
Qc5 35. Rb1 Bd8 36. Qd2 Qc7 37. Rb5 Qf7 38. Qe2 Qd7 39. Qe3 Bc7 40. Rd1 Qf7 41.
Rdb1 Qe8 42. Rf1 Qe7 43. Qd2 Qf7 44. Rbb1 Qd7 45. Qc2 R8f7 46. Qb3 Rf8 47. Qb5
Qe7 48. Rbe1 Qf7 49. Rb1 Qe7 50. Rb2 Qf7 51. Rbf2 Qe7 52. Qc6 Rd8 53. Bd5 Rdf8
54. Rb2 Rg6 55. Rh1 Bd8 56. Be4 Rgf6 57. Re2 Bc7 58. Rb1 Rd8 59. Qd5 Rdf8 60.
d4 exd4 61. Bd3 Qd7 62. Qe4 g6 63. Qxd4 Kg8 64. Be4 h5 65. Rbe1 Bd8 66. Bd5+
Kh7 67. Qd1 Kg7 68. Re3 Qf5 69. f4 Qd7 70. R1e2 Kh6 71. Qc2 Qc8 72. Re4 Qd7 73.
Kh2 Qc8 74. Qd2 Qd7 75. Be6 Qc6 76. f5+ Kg7 77. g4 hxg4 78. Rxg4 Rh8 79. Reg2
Rh6 80. Qc3 Kh7 81. fxg6+ Kg7 82. Bf7 Rh5 83. Qd4 Re5 84. Bd5 Qc5 85. Qxc5 dxc5
86. Be4 Bc7 87. Kh3 Rf1 88. Rd2 Re7 89. h5 Re1 90. h6+ Kxh6 91. Rh4+ Kg5 92.
Rg2+ Kf6 93. Rf2+ Ke6 94. Rf7 Rxf7 95. Bd5+ Ke7 96. gxf7 Rf1 97. Rh8 Bd6 98.
Re8+ Kd7 99. Be6+ Kc7 100. Rc8+ Kb7 101. Rd8 Kc7 102. Rd7+ Kc6 103. Ra7 Bf8
104. Bd5+ Kd6 105. Rb7 Bg7 106. Rxb6+ Ke7 107. Re6+ Kd7 108. Ra6 Bc3 109. Ra8
Bg7 110. Rxa5 Bd4 111. Ra8 Bg7 112. a5 Ke7 113. a6 1-0

[Event "I Torneo Internazionale A"]
[Site "Bergamo ITA"]
[Date "2009.03.14"]
[Round "2"]
[White "Panella, Fiammetta"]
[Black "Palac, Mladen"]
[Result "0-1"]
[WhiteElo "2016"]
[BlackElo "2553"]
[PlyCount "112"]
[EventDate "2009.03.13"]

1. e4 c5 2. Nf3 e6 3. d4 cxd4 4. Nxd4 Nc6 5. Nb5 d6 6. c4 Nf6 7. N1c3 a6 8. Na3
Be7 9. Be2 O-O 10. O-O b6 11. f4 Bb7 12. Bf3 Rc8 13. Be3 Qc7 14. Rc1 Nb8 15.
Qe2 Nbd7 16. Bd4 Rfe8 17. Rfe1 Bf8 18. Kh1 e5 19. Be3 exf4 20. Bxf4 Qb8 21. Qf2
Nc5 22. Qd4 Ne6 23. Qd2 Nxf4 24. Qxf4 Re5 25. Nd5 Nxd5 26. cxd5 b5 27. Rxc8
Qxc8 28. Rc1 Qd8 29. Nc2 Be7 30. Rf1 Bg5 31. Qg3 Qb6 32. Qf2 Qxf2 33. Rxf2 Re8
34. Nb4 f5 35. Re2 Rc8 36. g3 fxe4 37. Bxe4 Rc4 38. Nc6 Bf6 39. Bf3 Kf7 40. Kg2
Bc8 41. Kf2 Bf5 42. h4 g6 43. b3 Rc1 44. Ke3 h5 45. Kf2 Ra1 46. Ke3 Bc3 47. Be4
Bg4 48. Rf2+ Kg7 49. Bd3 Bf6 50. Be4 Re1+ 51. Kd3 Rd1+ 52. Kc2 Re1 53. Kd3 g5
54. hxg5 Bxg5 55. Nd4 Rd1+ 56. Kc3 Bf6 0-1

[Event "I Torneo Internazionale A"]
[Site "Bergamo ITA"]
[Date "2009.03.14"]
[Round "2"]
[White "Petkov, Vladimir"]
[Black "Corrales Jimenez, Fidel"]
[Result "0-1"]
[WhiteElo "2504"]
[BlackElo "2586"]
[PlyCount "91"]
[EventDate "2009.03.13"]

1. d4 Nf6 2. c4 e6 3. Nc3 Bb4 4. Nf3 O-O 5. Bg5 d5 6. cxd5 exd5 7. e3 c5 8. Bd3
Nbd7 9. O-O Qa5 10. Qc2 Re8 11. Nxd5 Nxd5 12. a3 h6 13. Bh4 c4 14. Bh7+ Kh8 15.
axb4 Qxb4 16. Ra4 Qf8 17. Rxc4 g6 18. Bxg6 fxg6 19. Qxg6 Ne7 20. Qh5 Nf5 21.
Rc7 Re6 22. d5 Ra6 23. Rfc1 Ng7 24. Qg4 Ne5 25. Qd4 Nxf3+ 26. gxf3 Bh3 27. Bg3
Rc8 28. Qf4 Qe8 29. Rxc8 Bxc8 30. e4 Bh3 31. Qh4 Qh5 32. Qxh5 Nxh5 33. f4 Rb6
34. Rc2 Rb3 35. f5 Rd3 36. Be5+ Kg8 37. Rc1 Kf7 38. d6 Nf6 39. f3 Nd7 40. Bf4
Rxf3 41. Bxh6 Kf6 42. Re1 Ne5 43. Bd2 Nd3 44. Bc3+ Kf7 45. Rd1 Nf4 46. Ra1 0-1

[Event "I Torneo Internazionale A"]
[Site "Bergamo ITA"]
[Date "2009.03.14"]
[Round "2"]
[White "Pirola, Andrea"]
[Black "Bertani, Gianfranco"]
[Result "0-1"]
[WhiteElo "2140"]
[BlackElo "2100"]
[PlyCount "112"]
[EventDate "2009.03.13"]

1. d4 f5 2. Nf3 Nf6 3. Bg5 e6 4. Nbd2 d5 5. e3 Be7 6. Ne5 Nbd7 7. Ndf3 O-O 8.
Be2 Qe8 9. O-O h6 10. Nxd7 Bxd7 11. Bxf6 Bxf6 12. c4 c6 13. Qb3 Rb8 14. Qa3 a6
15. Qd6 Rd8 16. Qg3 Qe7 17. c5 Be8 18. Ne5 g5 19. f4 Qg7 20. b4 Bxe5 21. fxe5
Rd7 22. a4 h5 23. h4 f4 24. exf4 gxf4 25. Qh3 Qh6 26. b5 axb5 27. axb5 Rg7 28.
bxc6 bxc6 29. Ra3 Kh8 30. Raf3 Rg4 31. R3f2 Rg7 32. Qh2 Rfg8 33. Rxf4 Bg6 34.
g4 hxg4 35. Rf6 Qe3+ 36. Qf2 Qh3 37. Qh2 Bf5 38. R1xf5 exf5 39. Rxf5 Ra8 40.
Bf1 Qe3+ 41. Qf2 Qe4 42. Rf8+ Rxf8 43. Qxf8+ Kh7 44. Qf2 g3 45. Qd2 Qxh4 46.
Bd3+ Kg8 47. Qb2 Qh2+ 48. Qxh2 gxh2+ 49. Kxh2 Rg4 50. Bf5 Rxd4 51. Bd7 Rc4 52.
e6 Kf8 53. Bxc6 Rxc5 54. Bd7 Rc3 55. Kg2 Re3 56. Kf2 d4 0-1

[Event "I Torneo Internazionale A"]
[Site "Bergamo ITA"]
[Date "2009.03.14"]
[Round "2"]
[White "Rombaldoni, Axel"]
[Black "Matseyko, Katerina"]
[Result "1-0"]
[WhiteElo "2309"]
[BlackElo "2268"]
[PlyCount "69"]
[EventDate "2009.03.13"]

1. e4 e5 2. Nf3 Nc6 3. Bb5 Nd4 4. Nxd4 exd4 5. O-O Bc5 6. Bc4 d6 7. d3 c6 8.
Qh5 g6 9. Qf3 Qe7 10. Qg3 h5 11. h4 Be6 12. Bxe6 Qxe6 13. Bf4 Ne7 14. Nd2 O-O-O
15. c3 dxc3 16. bxc3 f6 17. Nf3 Qg4 18. d4 Qxg3 19. Bxg3 Bb6 20. Nd2 d5 21. e5
Nf5 22. exf6 Nxg3 23. fxg3 Rhf8 24. Rae1 Rd7 25. Nf3 Rxf6 26. Ne5 Rxf1+ 27.
Rxf1 Rg7 28. Rf6 g5 29. g4 hxg4 30. h5 c5 31. h6 Rh7 32. Rg6 cxd4 33. Rg8+ Bd8
34. cxd4 Rxh6 35. Rxd8+ 1-0

[Event "I Torneo Internazionale A"]
[Site "Bergamo ITA"]
[Date "2009.03.14"]
[Round "2"]
[White "Rombaldoni, Denis"]
[Black "Kalajzic, Ivan"]
[Result "1-0"]
[WhiteElo "2418"]
[BlackElo "2224"]
[PlyCount "75"]
[EventDate "2009.03.13"]

1. e4 Nc6 2. Nf3 Nf6 3. e5 Ng4 4. d4 d6 5. h3 Nh6 6. Bxh6 gxh6 7. Bb5 a6 8. Ba4
b5 9. Bb3 Bg7 10. a4 Rb8 11. axb5 axb5 12. e6 fxe6 13. d5 exd5 14. Qxd5 Ne5 15.
Nxe5 Bxe5 16. Qf7+ Kd7 17. Be6+ Kc6 18. Bd5+ Kb6 19. Qf3 Bb7 20. Bxb7 Rxb7 21.
Qa3 Kc6 22. O-O Qf8 23. c4 Qf7 24. g3 Qxc4 25. Qf3+ Kb6 26. Nd2 Qb4 27. Nb3 c5
28. Ra2 c4 29. Rfa1 Qxb3 30. Ra6+ Kc5 31. Qxb7 Qxb2 32. Qc6+ Kb4 33. R6a4+ bxa4
34. Rxa4+ Kc3 35. Rxc4+ Kd3 36. Qe4+ Kd2 37. Qd5+ Ke2 38. Re4+ 1-0

[Event "I Torneo Internazionale A"]
[Site "Bergamo ITA"]
[Date "2009.03.14"]
[Round "2"]
[White "Rumiantseva, Maria"]
[Black "Cruz Lledo, Pablo"]
[Result "0-1"]
[WhiteElo "2034"]
[BlackElo "2082"]
[PlyCount "72"]
[EventDate "2009.03.13"]

1. d4 d5 2. c4 c6 3. Nf3 Nf6 4. Qc2 g6 5. e3 Bg7 6. Nc3 O-O 7. Bd3 Na6 8. a3
Qa5 9. Rb1 dxc4 10. Bxc4 Bf5 11. Bd3 Bxd3 12. Qxd3 Rad8 13. b4 Qc7 14. Qe2 Nd7
15. O-O Rfe8 16. e4 Nf6 17. Bg5 Ng4 18. e5 Qc8 19. Rbc1 f6 20. Bh4 Qe6 21. b5
cxb5 22. d5 Qf5 23. Nxb5 Nxe5 24. Nxe5 Qxe5 25. Qxe5 fxe5 26. d6 Bf8 27. Rfe1
Rxd6 28. Nxd6 exd6 29. Bg3 Nc5 30. Rc3 a5 31. Rb1 a4 32. Rb6 d5 33. f3 d4 34.
Rc4 d3 35. Be1 Nb3 36. Rxb7 Bxa3 0-1

[Event "I Torneo Internazionale A"]
[Site "Bergamo ITA"]
[Date "2009.03.14"]
[Round "2"]
[White "Salmoiraghi, Angelo"]
[Black "Zinani, Alessandro"]
[Result "1-0"]
[WhiteElo "2133"]
[BlackElo "2211"]
[PlyCount "111"]
[EventDate "2009.03.13"]

1. e4 e6 2. d4 d5 3. Nc3 Bb4 4. e5 c5 5. Bd2 cxd4 6. Nb5 Bc5 7. Qg4 g6 8. Nf3
Nc6 9. Nbxd4 Qb6 10. Bc3 Bd7 11. a3 O-O-O 12. b4 Be7 13. Qf4 f5 14. Nxc6 Qxc6
15. Bd2 Kb8 16. Nd4 Qc7 17. Qg3 g5 18. f4 g4 19. h4 Nh6 20. Qb3 g3 21. Qxg3
Rhg8 22. Qb3 Ng4 23. g3 Qb6 24. c3 Nh6 25. Rh3 Ng4 26. Bd3 Rc8 27. Ke2 Rg7 28.
Rah1 Rcg8 29. Be1 Be8 30. h5 h6 31. a4 Bd7 32. a5 Qc7 33. a6 b6 34. Kd2 Rc8 35.
Ke2 Rcg8 36. Bd2 Rc8 37. Kf3 Qd8 38. Ra1 Qg8 39. Rah1 Qe8 40. Ra1 Qg8 41. Be1
Qe8 42. Ra2 Bd8 43. Bd2 Qg8 44. Ra1 Be7 45. Be1 Qe8 46. Qb1 Bd8 47. Qb3 Be7 48.
Ra2 Bd8 49. Qd1 Bc7 50. Qe2 Qg8 51. Bb5 Qe8 52. Bxd7 Qxd7 53. Qb5 Qxb5 54. Nxb5
Rd7 55. Nd4 Re7 56. Nc6+ 1-0

[Event "I Torneo Internazionale A"]
[Site "Bergamo ITA"]
[Date "2009.03.14"]
[Round "2"]
[White "Seps, Monika"]
[Black "Tocchioni, Doriano"]
[Result "1-0"]
[WhiteElo "2197"]
[BlackElo "2264"]
[PlyCount "65"]
[EventDate "2009.03.13"]

1. e4 Nc6 2. Nf3 d6 3. d4 Nf6 4. Nc3 d5 5. e5 Ne4 6. Bd3 Bf5 7. Qe2 Nxc3 8.
bxc3 Bxd3 9. cxd3 e6 10. O-O Be7 11. h3 Qd7 12. Rb1 b6 13. Nh2 h5 14. f4 g6 15.
Be3 O-O-O 16. Nf3 Na5 17. Nd2 Qa4 18. Nb3 Rd7 19. Rfc1 Ba3 20. Rc2 Nb7 21. c4
Kb8 22. c5 c6 23. cxb6 axb6 24. Na1 Ka7 25. Rc3 Na5 26. Nc2 Be7 27. Bc1 c5 28.
Ra3 Qc6 29. Bd2 cxd4 30. Nxd4 Qc5 31. Be3 Ka8 32. Ra4 Rb7 33. Rc1 1-0

[Event "I Torneo Internazionale A"]
[Site "Bergamo ITA"]
[Date "2009.03.14"]
[Round "2"]
[White "Sgnaolin, Davide"]
[Black "Bemporad, Filippo"]
[Result "1-0"]
[WhiteElo "2209"]
[BlackElo "2061"]
[PlyCount "51"]
[EventDate "2009.03.13"]

1. e4 c5 2. c3 d5 3. exd5 Qxd5 4. d4 Nf6 5. Nf3 Nc6 6. Be2 e6 7. O-O Be7 8. Na3
O-O 9. Nc2 b6 10. Be3 Bb7 11. dxc5 bxc5 12. Bg5 Rfd8 13. Ne3 Qe4 14. Qb1 Qxb1
15. Raxb1 Nd5 16. Bxe7 Ncxe7 17. Nxd5 Nxd5 18. g3 Rab8 19. Rfd1 Kf8 20. Ne5 f6
21. Nc4 Ke7 22. Na5 Nb6 23. Bb5 Rxd1+ 24. Rxd1 Rd8 25. Rxd8 Kxd8 26. Nxb7+ 1-0

[Event "I Torneo Internazionale A"]
[Site "Bergamo ITA"]
[Date "2009.03.14"]
[Round "2"]
[White "Solodovnichenko, Yuri"]
[Black "Cappai, Davide"]
[Result "1-0"]
[WhiteElo "2571"]
[BlackElo "2120"]
[PlyCount "99"]
[EventDate "2009.03.13"]

1. e4 g6 2. d4 Bg7 3. Nc3 d6 4. Be3 Nf6 5. Qd2 O-O 6. Bh6 c5 7. Nge2 cxd4 8.
Nxd4 Qb6 9. Bxg7 Kxg7 10. O-O-O Nc6 11. Nb3 a5 12. f3 Be6 13. Be2 Rfc8 14. Nd4
Nxd4 15. Qxd4 Qxd4 16. Rxd4 Nd7 17. f4 f6 18. Re1 Rc5 19. Na4 Rc7 20. Bb5 Nc5
21. Nb6 Rf8 22. Kb1 h6 23. b3 Kf7 24. Re2 Nd7 25. Bxd7 Bxd7 26. e5 Bg4 27. exd6
exd6 28. Red2 Re8 29. Rxd6 Re4 30. Nd5 Rc6 31. Rd8 Be6 32. g3 h5 33. Kb2 h4 34.
Rb8 Bxd5 35. Rxd5 Re2 36. Rd7+ Ke6 37. Re8+ Kxd7 38. Rxe2 Rc5 39. c4 g5 40.
fxg5 Rxg5 41. Re3 hxg3 42. hxg3 b5 43. cxb5 Rxb5 44. Ka3 Rg5 45. Ka4 Kd6 46.
Rc3 Rg8 47. Kxa5 Ra8+ 48. Kb6 Rxa2 49. b4 f5 50. b5 1-0

[Event "I Torneo Internazionale A"]
[Site "Bergamo ITA"]
[Date "2009.03.14"]
[Round "2"]
[White "Sorcinelli, Francesco"]
[Black "Sbarra, Marco"]
[Result "1-0"]
[WhiteElo "2116"]
[BlackElo "2191"]
[PlyCount "31"]
[EventDate "2009.03.13"]

1. d4 Nf6 2. Nf3 d5 3. c4 e6 4. g3 Bb4+ 5. Nbd2 dxc4 6. Bg2 a6 7. O-O O-O 8.
Nxc4 b5 9. Nfe5 Ra7 10. a3 Bd6 11. Na5 Bxe5 12. dxe5 Nfd7 13. Be3 c5 14. b4 Qc7
15. Qd6 Nxe5 16. Bxc5 1-0